| 000 | 00462 a2200145 4500 | ||
|---|---|---|---|
| 999 |
_c6640 _d6640 |
||
| 020 | _a8173014817 | ||
| 050 | _aREF QA75.5COM1989 | ||
| 100 |
_aGupta , Prashant _eauthor |
||
| 245 |
_aDreamland's illustrated computer encyclopedia: _ban ultimate book on computer terminology / _cedited by Prashant Gupta |
||
| 264 |
_aNew Delhi: _bDreamland publications, _c2001 |
||
| 300 | _a712p. : | ||
| 500 | _apreface | ||
| 650 | _aencyclopedia | ||
| 942 |
_2lcc _cBK _h75.5 _iGUP _kQA |
||